Využitie Head Space plynovej chromatografie pre sledovanie procesov eliminácie prchavých látok = The exploitation of head space gas chromatography in observation of elimination process of volatile compounds : Diplomová práca
Uložené v:
| Hlavný autor: | |
|---|---|
| Ďalší autori: | |
| Médium: | Rukopis Kniha |
| Jazyk: | Slovak |
| Vydavateľské údaje: |
Bratislava :
STU v Bratislave MtF KEBI,
2007
|
| Predmet: | |
| Tagy: |
Žiadne tagy, Buďte prvý, kto otaguje tento záznam!
|
MARC
| LEADER | 00000ntm a22000003a 4500 | ||
|---|---|---|---|
| 001 | stu142575 | ||
| 005 | 20160719155554.6 | ||
| 008 | 070621s2007----xo------------------slo-d | ||
| 040 | |a STU |b slo | ||
| 041 | 0 | |a slo | |
| 044 | |a xo | ||
| 100 | 1 | |a Ernek, Peter |4 aut | |
| 245 | 1 | |a Využitie Head Space plynovej chromatografie pre sledovanie procesov eliminácie prchavých látok = The exploitation of head space gas chromatography in observation of elimination process of volatile compounds : |b Diplomová práca | |
| 260 | |a Bratislava : |b STU v Bratislave MtF KEBI, |c 2007 | ||
| 300 | |a 83 s |c 1 CD-ROM | ||
| 500 | |a Program: Environmentálne a bezpečnostné inžinierstvo | ||
| 650 | 7 | |a plynová chromatografia |2 stusub | |
| 650 | 7 | |a prchavé látky |2 stusub | |
| 700 | 1 | |a Hostin, Stanislav, |d 1953- |4 xxx |u M390 |U MTF Materiálovotechnologická fakulta |T MTF Katedra environmentálneho a bezpečnostného inžinierstva |X 2898 |U M390 |Y 177 |7 A000002898 | |
| 996 | |b 284M076330 |c M*DP-6602 |l MMSKP |s P |a 0 |w stu142575_0001 | ||